书目信息 |
| 题名: |
马克笔最美植物绘
|
|
| 作者: | 王育新 , 张敏言 编 | |
| 分册: | ||
| 出版信息: | 北京 化学工业出版社 2021.01 |
|
| 页数: | 190页, [8] 页图版 | |
| 开本: | 24cm | |
| 丛书名: | ||
| 单 册: | ||
| 中图分类: | J211.27 | |
| 科图分类: | ||
| 主题词: | 植物--zhi wu--绘画技法 | |
| 电子资源: | ||
| ISBN: | 978-7-122-37346-5 | |
| 000 | 01182nam0 2200277 450 | |
| 001 | 2256969346 | |
| 005 | 20220916154949.00 | |
| 010 | @a978-7-122-37346-5@dCNY89.90 | |
| 092 | @aCN@bRt959-1552 | |
| 100 | @a20210122d2021 em y0chiy50 ea | |
| 101 | 0 | @achi |
| 102 | @aCN@b110000 | |
| 105 | @aaf z 000yy | |
| 200 | 1 | @a马克笔最美植物绘@Ama ke bi zui mei zhi wu hui@f王育新, 张敏言编 |
| 210 | @a北京@c化学工业出版社@d2021.01 | |
| 215 | @a190页, [8] 页图版@c图 (部分彩图)@d24cm | |
| 300 | @a全彩视频版 | |
| 330 | @a本书共分为2个章节, 第1章为马克笔植物手绘基础 ; 第2章为马克笔植物手绘表现。其中包含了57个特色的马克笔植物绘制案例, 57个绘制要点, 36个技巧和31个提示。教读者如何构图、如何画线稿以及如何上色。让读者快速熟悉马克笔绘画的小窍门, 体会自己笔下绘出各种植物所带来的成就感! 本书适用范围较广, 配以马克笔手绘表现时用到的色号标注来解析案例, 更便于读者参考作画。并免费赠送精心录制的手绘教学视频, 以提高读者学习效率。 | |
| 606 | 0 | @a植物@Azhi wu@x绘画技法 |
| 690 | @aJ211.27@v5 | |
| 701 | 0 | @a王育新@Awang yu xin@4编 |
| 701 | 0 | @a张敏言@Azhang min yan@4编 |
| 801 | 0 | @aCN@b人天书店@c20210122 |
| 901 | @a化学工业出版社 | |
| 905 | @aZUCC@dJ211.27@e80 | |
| 997 | @a期货 | |
| 马克笔最美植物绘/王育新, 张敏言编.-北京:化学工业出版社,2021.01 |
| 190页, [8] 页图版:图 (部分彩图);24cm |
| 全彩视频版 |
| ISBN 978-7-122-37346-5:CNY89.90 |
| 本书共分为2个章节, 第1章为马克笔植物手绘基础 ; 第2章为马克笔植物手绘表现。其中包含了57个特色的马克笔植物绘制案例, 57个绘制要点, 36个技巧和31个提示。教读者如何构图、如何画线稿以及如何上色。让读者快速熟悉马克笔绘画的小窍门, 体会自己笔下绘出各种植物所带来的成就感! 本书适用范围较广, 配以马克笔手绘表现时用到的色号标注来解析案例, 更便于读者参考作画。并免费赠送精心录制的手绘教学视频, 以提高读者学习效率。 |
| ● |
| 相关链接 |
|
|
|
正题名:马克笔最美植物绘
索取号:J211.27/80
 
预约/预借
| 序号 | 登录号 | 条形码 | 馆藏地/架位号 | 状态 | 备注 |
| 1 | 2000894438 | 2000894438 | 第三书库/ [索取号:J211.27/80] | 在馆 | |
| 2 | 2000894439 | 2000894439 | 第三书库/ [索取号:J211.27/80] | 在馆 | |
| 3 | 2000894440 | 2000894440 | 第三书库/ [索取号:J211.27/80] | 在馆 |